<?xml version="1.0" encoding="UTF-8"?><marc:collection xmlns:marc="http://www.loc.gov/MARC21/slim">
  <marc:record>
    <marc:leader>04728nas a2200745 c 4500</marc:leader>
    <marc:controlfield tag="001">010001654</marc:controlfield>
    <marc:controlfield tag="003">DE-101</marc:controlfield>
    <marc:controlfield tag="005">20250325082018.0</marc:controlfield>
    <marc:controlfield tag="006">sm</marc:controlfield>
    <marc:controlfield tag="007">tu</marc:controlfield>
    <marc:controlfield tag="008">991118d19171967gw b||p|  ||| 0||||1ger c</marc:controlfield>
    <marc:datafield tag="016" ind1="7" ind2=" ">
      <marc:subfield code="2">DE-600</marc:subfield>
      <marc:subfield code="a">197-1</marc:subfield>
    </marc:datafield>
    <marc:datafield tag="016" ind1="7" ind2=" ">
      <marc:subfield code="2">DE-101</marc:subfield>
      <marc:subfield code="a">010001654</marc:subfield>
    </marc:datafield>
    <marc:datafield tag="022" ind1=" " ind2=" ">
      <marc:subfield code="a">0374-2423</marc:subfield>
    </marc:datafield>
    <marc:datafield tag="022" ind1=" " ind2=" ">
      <marc:subfield code="a">0374-2423</marc:subfield>
      <marc:subfield code="2">6</marc:subfield>
    </marc:datafield>
    <marc:datafield tag="030" ind1=" " ind2=" ">
      <marc:subfield code="a">AEGMA</marc:subfield>
    </marc:datafield>
    <marc:datafield tag="035" ind1=" " ind2=" ">
      <marc:subfield code="a">(DE-599)ZDB197-1</marc:subfield>
    </marc:datafield>
    <marc:datafield tag="035" ind1=" " ind2=" ">
      <marc:subfield code="a">(OCoLC)1367280536</marc:subfield>
    </marc:datafield>
    <marc:datafield tag="040" ind1=" " ind2=" ">
      <marc:subfield code="a">9001</marc:subfield>
      <marc:subfield code="b">ger</marc:subfield>
      <marc:subfield code="c">DE-101</marc:subfield>
      <marc:subfield code="d">0020</marc:subfield>
    </marc:datafield>
    <marc:datafield tag="041" ind1=" " ind2=" ">
      <marc:subfield code="a">ger</marc:subfield>
    </marc:datafield>
    <marc:datafield tag="042" ind1=" " ind2=" ">
      <marc:subfield code="a">zdb</marc:subfield>
    </marc:datafield>
    <marc:datafield tag="044" ind1=" " ind2=" ">
      <marc:subfield code="c">XA-DE</marc:subfield>
    </marc:datafield>
    <marc:datafield tag="082" ind1="7" ind2="4">
      <marc:subfield code="a">620</marc:subfield>
      <marc:subfield code="q">DE-600</marc:subfield>
      <marc:subfield code="2">22sdnb</marc:subfield>
    </marc:datafield>
    <marc:datafield tag="090" ind1=" " ind2=" ">
      <marc:subfield code="n">fz</marc:subfield>
    </marc:datafield>
    <marc:datafield tag="110" ind1="2" ind2=" ">
      <marc:subfield code="0">(DE-588)35082-5</marc:subfield>
      <marc:subfield code="0">https://d-nb.info/gnd/35082-5</marc:subfield>
      <marc:subfield code="0">(DE-101)000350826</marc:subfield>
      <marc:subfield code="a">Allgemeine Elektricitäts-Gesellschaft</marc:subfield>
      <marc:subfield code="e">Verfasser</marc:subfield>
      <marc:subfield code="4">aut</marc:subfield>
      <marc:subfield code="2">gnd</marc:subfield>
    </marc:datafield>
    <marc:datafield tag="210" ind1="0" ind2="0">
      <marc:subfield code="a">AEG Mitt.</marc:subfield>
    </marc:datafield>
    <marc:datafield tag="222" ind1=" " ind2="0">
      <marc:subfield code="a">AEG-Mitteilungen</marc:subfield>
    </marc:datafield>
    <marc:datafield tag="245" ind1="1" ind2="0">
      <marc:subfield code="a">AEG-Mitteilungen</marc:subfield>
      <marc:subfield code="b">Hausmitteilung der AEG</marc:subfield>
    </marc:datafield>
    <marc:datafield tag="246" ind1="3" ind2=" ">
      <marc:subfield code="a">Mitteilungen</marc:subfield>
    </marc:datafield>
    <marc:datafield tag="264" ind1="3" ind2="1">
      <marc:subfield code="a">Berlin</marc:subfield>
      <marc:subfield code="b">Allgem. Elektricitäts-Ges.</marc:subfield>
      <marc:subfield code="c">1917-1967</marc:subfield>
    </marc:datafield>
    <marc:datafield tag="336" ind1=" " ind2=" ">
      <marc:subfield code="a">Text</marc:subfield>
      <marc:subfield code="b">txt</marc:subfield>
      <marc:subfield code="2">rdacontent</marc:subfield>
    </marc:datafield>
    <marc:datafield tag="337" ind1=" " ind2=" ">
      <marc:subfield code="a">ohne Hilfsmittel zu benutzen</marc:subfield>
      <marc:subfield code="b">n</marc:subfield>
      <marc:subfield code="2">rdamedia</marc:subfield>
    </marc:datafield>
    <marc:datafield tag="338" ind1=" " ind2=" ">
      <marc:subfield code="a">Band</marc:subfield>
      <marc:subfield code="b">nc</marc:subfield>
      <marc:subfield code="2">rdacarrier</marc:subfield>
    </marc:datafield>
    <marc:datafield tag="362" ind1="0" ind2=" ">
      <marc:subfield code="a">13.1917 - 19.1923; [20.]1924 - [40.]1944; 41.1951 - 57.1967</marc:subfield>
    </marc:datafield>
    <marc:datafield tag="363" ind1="0" ind2="0">
      <marc:subfield code="8">1.1\x</marc:subfield>
      <marc:subfield code="a">13</marc:subfield>
      <marc:subfield code="i">1917</marc:subfield>
    </marc:datafield>
    <marc:datafield tag="363" ind1="1" ind2="0">
      <marc:subfield code="8">1.2\x</marc:subfield>
      <marc:subfield code="a">19</marc:subfield>
      <marc:subfield code="i">1923</marc:subfield>
    </marc:datafield>
    <marc:datafield tag="363" ind1="0" ind2="0">
      <marc:subfield code="8">2.1\x</marc:subfield>
      <marc:subfield code="a">20</marc:subfield>
      <marc:subfield code="i">1924</marc:subfield>
    </marc:datafield>
    <marc:datafield tag="363" ind1="1" ind2="0">
      <marc:subfield code="8">2.2\x</marc:subfield>
      <marc:subfield code="a">40</marc:subfield>
      <marc:subfield code="i">1944</marc:subfield>
    </marc:datafield>
    <marc:datafield tag="363" ind1="0" ind2="0">
      <marc:subfield code="8">3.1\x</marc:subfield>
      <marc:subfield code="a">41</marc:subfield>
      <marc:subfield code="i">1951</marc:subfield>
    </marc:datafield>
    <marc:datafield tag="363" ind1="1" ind2="0">
      <marc:subfield code="8">3.2\x</marc:subfield>
      <marc:subfield code="a">57</marc:subfield>
      <marc:subfield code="i">1967</marc:subfield>
    </marc:datafield>
    <marc:datafield tag="591" ind1=" " ind2=" ">
      <marc:subfield code="a">C!Autopsie</marc:subfield>
    </marc:datafield>
    <marc:datafield tag="610" ind1="2" ind2="7">
      <marc:subfield code="0">(DE-588)5027752-2</marc:subfield>
      <marc:subfield code="0">https://d-nb.info/gnd/5027752-2</marc:subfield>
      <marc:subfield code="0">(DE-101)050277529</marc:subfield>
      <marc:subfield code="a">AEG-Aktiengesellschaft</marc:subfield>
      <marc:subfield code="9">rswk-swf</marc:subfield>
      <marc:subfield code="2">gnd</marc:subfield>
    </marc:datafield>
    <marc:datafield tag="650" ind1=" " ind2="7">
      <marc:subfield code="0">(DE-588)4014390-9</marc:subfield>
      <marc:subfield code="0">https://d-nb.info/gnd/4014390-9</marc:subfield>
      <marc:subfield code="0">(DE-101)040143902</marc:subfield>
      <marc:subfield code="a">Elektrotechnik</marc:subfield>
      <marc:subfield code="9">rswk-swf</marc:subfield>
      <marc:subfield code="2">gnd</marc:subfield>
    </marc:datafield>
    <marc:datafield tag="655" ind1=" " ind2="7">
      <marc:subfield code="0">(DE-588)4067488-5</marc:subfield>
      <marc:subfield code="0">https://d-nb.info/gnd/4067488-5</marc:subfield>
      <marc:subfield code="0">(DE-101)040674886</marc:subfield>
      <marc:subfield code="a">Zeitschrift</marc:subfield>
      <marc:subfield code="2">gnd-content</marc:subfield>
    </marc:datafield>
    <marc:datafield tag="655" ind1=" " ind2="7">
      <marc:subfield code="0">(DE-588)4189682-8</marc:subfield>
      <marc:subfield code="0">https://d-nb.info/gnd/4189682-8</marc:subfield>
      <marc:subfield code="0">(DE-101)041896823</marc:subfield>
      <marc:subfield code="a">Werkzeitschrift</marc:subfield>
      <marc:subfield code="2">gnd-content</marc:subfield>
    </marc:datafield>
    <marc:datafield tag="655" ind1=" " ind2="7">
      <marc:subfield code="a">Zeitschrift</marc:subfield>
      <marc:subfield code="9">rswk-swf</marc:subfield>
      <marc:subfield code="2">gnd</marc:subfield>
    </marc:datafield>
    <marc:datafield tag="689" ind1="0" ind2="0">
      <marc:subfield code="0">(DE-588)4014390-9</marc:subfield>
      <marc:subfield code="0">https://d-nb.info/gnd/4014390-9</marc:subfield>
      <marc:subfield code="0">(DE-101)040143902</marc:subfield>
      <marc:subfield code="D">s</marc:subfield>
      <marc:subfield code="a">Elektrotechnik</marc:subfield>
    </marc:datafield>
    <marc:datafield tag="689" ind1="0" ind2=" ">
      <marc:subfield code="5">DE-600</marc:subfield>
      <marc:subfield code="5">DE-600</marc:subfield>
    </marc:datafield>
    <marc:datafield tag="689" ind1="1" ind2="0">
      <marc:subfield code="0">(DE-588)5027752-2</marc:subfield>
      <marc:subfield code="0">https://d-nb.info/gnd/5027752-2</marc:subfield>
      <marc:subfield code="0">(DE-101)050277529</marc:subfield>
      <marc:subfield code="D">b</marc:subfield>
      <marc:subfield code="a">AEG-Aktiengesellschaft</marc:subfield>
    </marc:datafield>
    <marc:datafield tag="689" ind1="1" ind2="1">
      <marc:subfield code="A">f</marc:subfield>
      <marc:subfield code="a">Zeitschrift</marc:subfield>
    </marc:datafield>
    <marc:datafield tag="689" ind1="1" ind2=" ">
      <marc:subfield code="5">DE-600</marc:subfield>
      <marc:subfield code="5">DE-600</marc:subfield>
    </marc:datafield>
    <marc:datafield tag="770" ind1="0" ind2="8">
      <marc:subfield code="i">Supplement</marc:subfield>
      <marc:subfield code="n">28.1932 - 35.1939 darin</marc:subfield>
      <marc:subfield code="a">Allgemeine Elektricitäts-Gesellschaft</marc:subfield>
      <marc:subfield code="t">Technischer Jahresbericht / Allgemeine Elektricitäts-Gesellschaft, AEG</marc:subfield>
      <marc:subfield code="d">Berlin : Allgem. Elektricitäts-Ges., 1928-1939</marc:subfield>
      <marc:subfield code="w">(DE-600)512838-9</marc:subfield>
      <marc:subfield code="w">(DE-101)012700096</marc:subfield>
    </marc:datafield>
    <marc:datafield tag="770" ind1="0" ind2="8">
      <marc:subfield code="i">Supplement</marc:subfield>
      <marc:subfield code="t">&#152;Das&#156; Kraftwerk</marc:subfield>
      <marc:subfield code="d">Berlin : Allgem. Elektricitäts-Ges., 1930-1939</marc:subfield>
      <marc:subfield code="w">(DE-600)512837-7</marc:subfield>
      <marc:subfield code="w">(DE-101)012700088</marc:subfield>
    </marc:datafield>
    <marc:datafield tag="770" ind1="0" ind2="8">
      <marc:subfield code="i">Supplement</marc:subfield>
      <marc:subfield code="n">1926</marc:subfield>
      <marc:subfield code="a">Großkraftwerk Rummelsburg</marc:subfield>
      <marc:subfield code="t">Mitteilung ...</marc:subfield>
      <marc:subfield code="d">Berlin : Allgemeine Elektricitäts-Gesellschaft, 1926-</marc:subfield>
      <marc:subfield code="w">(DE-600)3056637-X</marc:subfield>
      <marc:subfield code="w">(DE-101)122902722X</marc:subfield>
    </marc:datafield>
    <marc:datafield tag="770" ind1="0" ind2="8">
      <marc:subfield code="i">Supplement</marc:subfield>
      <marc:subfield code="n">1927-1928</marc:subfield>
      <marc:subfield code="a">Kraftwerk Schulau</marc:subfield>
      <marc:subfield code="t">Mitteilung ...</marc:subfield>
      <marc:subfield code="d">Berlin : Allgemeine Elektricitäts-Gesellschaft, [1927-1928?]</marc:subfield>
      <marc:subfield code="w">(DE-600)3019908-6</marc:subfield>
      <marc:subfield code="w">(DE-101)1209509334</marc:subfield>
    </marc:datafield>
    <marc:datafield tag="770" ind1="0" ind2="8">
      <marc:subfield code="i">Supplement</marc:subfield>
      <marc:subfield code="n">1928</marc:subfield>
      <marc:subfield code="a">Schwelwerk Gölzau der Schwelwerke Minna Anna AG, Berlin</marc:subfield>
      <marc:subfield code="t">Mitteilung ...</marc:subfield>
      <marc:subfield code="d">Berlin : Allgemeine Elektricitäts-Gesellschaft, 1928-</marc:subfield>
      <marc:subfield code="w">(DE-600)3019917-7</marc:subfield>
      <marc:subfield code="w">(DE-101)1209510324</marc:subfield>
    </marc:datafield>
    <marc:datafield tag="770" ind1="0" ind2="8">
      <marc:subfield code="i">Supplement</marc:subfield>
      <marc:subfield code="n">1928</marc:subfield>
      <marc:subfield code="a">Kraftwerk Gersteinwerk</marc:subfield>
      <marc:subfield code="t">Mitteilung ...</marc:subfield>
      <marc:subfield code="d">Berlin : Allgemeine Elektricitäts-Gesellschaft, 1928-</marc:subfield>
      <marc:subfield code="w">(DE-600)3019925-6</marc:subfield>
      <marc:subfield code="w">(DE-101)1209511169</marc:subfield>
    </marc:datafield>
    <marc:datafield tag="775" ind1="0" ind2="8">
      <marc:subfield code="i">Übersetzt als</marc:subfield>
      <marc:subfield code="a">Allgemeine Elektricitäts-Gesellschaft</marc:subfield>
      <marc:subfield code="t">AEG progress</marc:subfield>
      <marc:subfield code="d">Berlin : [Verlag nicht ermittelbar], 1925-1967</marc:subfield>
      <marc:subfield code="x">0365-1843</marc:subfield>
      <marc:subfield code="w">(DE-600)1198585-9</marc:subfield>
      <marc:subfield code="w">(DE-101)017256194</marc:subfield>
    </marc:datafield>
    <marc:datafield tag="775" ind1="0" ind2="8">
      <marc:subfield code="i">Parallele Sprachausgabe</marc:subfield>
      <marc:subfield code="n">französisch</marc:subfield>
      <marc:subfield code="a">Allgemeine Elektricitäts-Gesellschaft</marc:subfield>
      <marc:subfield code="t">Revue AEG / Allgemeine Elektricitätsgesellschaft</marc:subfield>
      <marc:subfield code="d">Berlin : [Verlag nicht ermittelbar], 1966-1966</marc:subfield>
      <marc:subfield code="w">(DE-600)594335-8</marc:subfield>
      <marc:subfield code="w">(DE-101)01339374X</marc:subfield>
    </marc:datafield>
    <marc:datafield tag="775" ind1="0" ind2="8">
      <marc:subfield code="i">Parallele Sprachausgabe</marc:subfield>
      <marc:subfield code="n">französisch</marc:subfield>
      <marc:subfield code="a">Allgemeine Elektricitäts-Gesellschaft, AEG-Telefunken</marc:subfield>
      <marc:subfield code="t">Revue AEG-Telefunken</marc:subfield>
      <marc:subfield code="d">Berlin : [Verlag nicht ermittelbar], 1967-1973</marc:subfield>
      <marc:subfield code="x">0035-0648</marc:subfield>
      <marc:subfield code="w">(DE-600)594336-X</marc:subfield>
      <marc:subfield code="w">(DE-101)013393758</marc:subfield>
    </marc:datafield>
    <marc:datafield tag="780" ind1="0" ind2="0">
      <marc:subfield code="i">Vorg.:</marc:subfield>
      <marc:subfield code="a">Berliner Elektricitäts-Werke</marc:subfield>
      <marc:subfield code="t">BEW-Mitteilungen</marc:subfield>
      <marc:subfield code="d">Berlin : Berliner Elektricitäts-Werke, 1913-1916</marc:subfield>
      <marc:subfield code="w">(DE-600)512836-5</marc:subfield>
      <marc:subfield code="w">(DE-101)01270007X</marc:subfield>
    </marc:datafield>
    <marc:datafield tag="785" ind1="0" ind2="0">
      <marc:subfield code="i">Forts.:</marc:subfield>
      <marc:subfield code="a">Allgemeine Elektricitäts-Gesellschaft, AEG-Telefunken</marc:subfield>
      <marc:subfield code="t">Technische Mitteilungen AEG-Telefunken</marc:subfield>
      <marc:subfield code="d">Berlin : AEG-Telefunken, Zentralabteilung Firmenverl., 1968-1979</marc:subfield>
      <marc:subfield code="x">0040-1447</marc:subfield>
      <marc:subfield code="w">(DE-600)3611-0</marc:subfield>
      <marc:subfield code="w">(DE-101)010054103</marc:subfield>
    </marc:datafield>
    <marc:datafield tag="787" ind1="0" ind2="8">
      <marc:subfield code="i">Index 51/60=Index 31/43 von</marc:subfield>
      <marc:subfield code="a">Telefunken Aktiengesellschaft</marc:subfield>
      <marc:subfield code="t">Telefunken-Zeitung</marc:subfield>
      <marc:subfield code="d">Berlin : [Verlag nicht ermittelbar], 1963-1967</marc:subfield>
      <marc:subfield code="x">0340-3025</marc:subfield>
      <marc:subfield code="w">(DE-600)961326-2</marc:subfield>
      <marc:subfield code="w">(DE-101)01011064X</marc:subfield>
    </marc:datafield>
    <marc:datafield tag="787" ind1="0" ind2="8">
      <marc:subfield code="i">Index 51/60=Index 31/43 von</marc:subfield>
      <marc:subfield code="a">Allgemeine Elektricitäts-Gesellschaft, AEG-Telefunken</marc:subfield>
      <marc:subfield code="t">Wissenschaftliche Berichte AEG-Telefunken</marc:subfield>
      <marc:subfield code="d">Berlin : AEG-Telefunken, 1968-1979</marc:subfield>
      <marc:subfield code="x">0043-6801</marc:subfield>
      <marc:subfield code="w">(DE-600)6563-8</marc:subfield>
      <marc:subfield code="w">(DE-101)010088679</marc:subfield>
    </marc:datafield>
    <marc:datafield tag="850" ind1=" " ind2=" ">
      <marc:subfield code="a">DE-101a</marc:subfield>
      <marc:subfield code="a">DE-101b</marc:subfield>
    </marc:datafield>
  </marc:record>
</marc:collection>
